| 000 | 00830nam a2200277 a 4500 | ||
|---|---|---|---|
| 999 |
_c20033 _d20033 |
||
| 001 | 1058465 | ||
| 003 | OSt | ||
| 005 | 20200608141958.0 | ||
| 008 | 900322s1987 enka b 001 0 eng c | ||
| 010 | _a 90134545 | ||
| 020 | _a0861876091 | ||
| 040 |
_aMH _coclc |
||
| 050 | 1 | 4 |
_aJX1391 _b.P65 1987b |
| 082 |
_a327 _bBOY/P |
||
| 100 |
_92638 _aBoyd, Gavin |
||
| 245 | 0 | 0 |
_aPolitical change and foreign policies / _cGavin Boyd ; Gerald W. Hopple. |
| 260 |
_aLondon : _bPinter, _c1987. |
||
| 300 | _a278 p. : | ||
| 504 | _aIncludes bibliographical references and index. | ||
| 650 | 0 | _aPolitical stability. | |
| 650 | 0 | _aSocial change. | |
| 700 | 1 | _aBoyd, Gavin. | |
| 700 | 1 | _aHopple, Gerald W. | |
| 906 |
_a7 _bcbc _corignew _du _encip _f19 _gy-gencatlg |
||
| 942 |
_2ddc _cBK _h327 _iBOY/P _k327 _mBOY/P |
||